MARC

LEADER 00000nam2a2200000 4500
001 15420
005 20231030190222.0
035 |a (RuTPU)RU\TPU\book\15528 
035 |a BOOK00000216 
090 |a 15420 
100 |a 20011209d1961 km y0rusy50 ca 
101 0 |a rus 
102 |a RU 
105 |a ab z 001zy 
200 0 |a Т. 8  |f Под ред. И. И. Минца 
210 |d 1961 
215 |a 643 с.  |c 38 л. ил. и карт 
461 1 |0 (RuTPU)RU\TPU\book\64586  |t Всемирная история  |o В 10 т.  |f Гл. ред. Е. М. Жуков  |v Т. 8  |d 1955- 
606 1 |a Всеобщая история  |2 stltpush  |3 (RuTPU)RU\TPU\subj\3762 
610 1 |a история 
610 1 |a Всемирная история 
610 1 |a новейшая история 
610 1 |a СССР 
610 1 |a Великая Октябрьская социалистическая революция 
610 1 |a революционные движения 
610 1 |a национально-освободительная борьба 
610 1 |a Азия 
610 1 |a Коммунистический интернационал 
610 1 |a Африка 
610 1 |a Первая мировая война 
610 1 |a Европа 
610 1 |a рабочее движение 
686 |a Т3(0)  |v LBC/SL-A  |2 rubbk 
702 1 |a Минц  |b И. И.  |4 340 
801 0 |a RU  |b 63413507  |c 20011209  |g PSBO 
801 2 |a RU  |b 63413507  |c 20230207  |g PSBO 
942 |c BK